| 000 | 01751nab a2200253 a 4500 | ||
|---|---|---|---|
| 005 | 20210223132426.0 | ||
| 008 | 991125s1985 mx 000 0 spa u | ||
| 035 | _aUPN01000199049 | ||
| 049 | _aART | ||
| 100 | 1 | _aMartínez Pérez, Magali | |
| 100 | 1 | _umagy_0313@yahoo.com.mx | |
| 100 | 1 |
_aSánchez Aragón, Rozzana, _d1969- _936258 |
|
| 222 | 0 | _aENSEÑANZA E INVESTIGACION EN PSICOLOGIA | |
| 245 | 0 | 0 | _aCorrelatos entre bienestar subjetivo y regulación emocional del enojo : diferencias por sexo |
| 260 | _aJalapa, México | ||
| 300 | _a179-198 | ||
| 362 | 0 | _a2014 Nueva época, Vol. 19, no. 1, ene.-jun. | |
| 520 | 3 | _aLas experiencias emocionales negativas se asocian con el bienestar subjetivo, pero se ignora si la manera de regularlas se relaciona con los reportes de bienestar. El presente estudio exploró la asociación entre el bienestar percibido y ciertas variables culturales (premisas histórico-socio-culturales) e individuales (automonitoreo, estrategias y autoeficacia) involucradas en la regulación del enojo, así como las posibles diferencias sexuales. Participaron 220 residentes que respondieron voluntariamente una batería de prueblas. Se encontró que las creencias culturales y el uso de estrategias que disminuyen la intensidad del enojo se asocian positivamente con el bienestar con amigos y trabajo, y que hay más similitudes que diferencias entre hombres y mujeres en las variables evaluadas. Los hallazgos señalan la importancia de regular apropiadamente emociones negativas como el enojo a fin de incrementar el bienestar subjetivo de hombres y mujeres | |
| 653 | 0 | _aENOJO | |
| 653 | 0 | _aBIENESTAR SUBJETIVO | |
| 653 | 0 | _aDIFERENCIAS SEXUALES | |
| 653 | 0 | _aREGULACION EMOCIONAL | |
| 905 | _aArticulo | ||
| 999 |
_c171150 _d171150 |
||